<?xml version="1.0" encoding="UTF-8"?>
<collection xmlns="http://www.loc.gov/MARC21/slim">
<record>
  <controlfield tag="001">160042</controlfield>
  <controlfield tag="005">20250520135455.0</controlfield>
  <datafield tag="037" ind1=" " ind2=" ">
    <subfield code="a">GDOC-2024-61459</subfield>
  </datafield>
  <datafield tag="970" ind1=" " ind2=" ">
    <subfield code="a">GDOC-2024-61459</subfield>
  </datafield>
  <datafield tag="041" ind1=" " ind2=" ">
    <subfield code="a">spa</subfield>
  </datafield>
  <datafield tag="041" ind1=" " ind2=" ">
    <subfield code="a">eng</subfield>
  </datafield>
  <datafield tag="540" ind1=" " ind2=" ">
    <subfield code="a">by-nc-sa</subfield>
    <subfield code="b">Creative Commons</subfield>
    <subfield code="c">3.0</subfield>
    <subfield code="u">http://creativecommons.org/licenses/by-nc-sa/3.0/</subfield>
  </datafield>
  <datafield tag="260" ind1=" " ind2=" ">
    <subfield code="a">Zaragoza</subfield>
    <subfield code="b">Universidad de Zaragoza</subfield>
    <subfield code="c">2024-2025</subfield>
  </datafield>
  <datafield tag="245" ind1="0" ind2="0">
    <subfield code="9">61459</subfield>
    <subfield code="a">Trabajo fin de Máster</subfield>
  </datafield>
  <datafield tag="242" ind1="0" ind2="0">
    <subfield code="9">61459</subfield>
    <subfield code="a">Master's Dissertation</subfield>
  </datafield>
  <datafield tag="100" ind1=" " ind2=" ">
    <subfield code="0">(orcid)0000-0002-1274-7561</subfield>
    <subfield code="a">José Ángel Ansón, Lapeña</subfield>
    <subfield code="1">140246</subfield>
  </datafield>
  <datafield tag="700" ind1=" " ind2=" ">
    <subfield code="0">(orcid)0000-0002-2688-134X</subfield>
    <subfield code="a">Sara María Barcenilla, Visus</subfield>
    <subfield code="1">361551</subfield>
  </datafield>
  <datafield tag="700" ind1=" " ind2=" ">
    <subfield code="0">(orcid)0000-0002-2897-1744</subfield>
    <subfield code="a">María Isabel Brusca, Alijarde</subfield>
    <subfield code="1">131489</subfield>
  </datafield>
  <datafield tag="700" ind1=" " ind2=" ">
    <subfield code="0">(orcid)0000-0003-1298-7183</subfield>
    <subfield code="a">Susana Callao, Gastón</subfield>
    <subfield code="1">144570</subfield>
  </datafield>
  <datafield tag="700" ind1=" " ind2=" ">
    <subfield code="0">(orcid)0000-0002-7259-4026</subfield>
    <subfield code="a">Vicente Ángel Ceamanos, Llorens</subfield>
    <subfield code="1">324632</subfield>
  </datafield>
  <datafield tag="700" ind1=" " ind2=" ">
    <subfield code="0">(orcid)0000-0001-8018-7714</subfield>
    <subfield code="a">Alicia Costa, Toda</subfield>
    <subfield code="1">128533</subfield>
  </datafield>
  <datafield tag="700" ind1=" " ind2=" ">
    <subfield code="0">(orcid)0000-0002-5557-0380</subfield>
    <subfield code="a">Beatriz Cuéllar, Fernández</subfield>
    <subfield code="1">328367</subfield>
  </datafield>
  <datafield tag="700" ind1=" " ind2=" ">
    <subfield code="0">(orcid)0000-0002-6468-0944</subfield>
    <subfield code="a">Yolanda Fuertes, Callén</subfield>
    <subfield code="1">324640</subfield>
  </datafield>
  <datafield tag="700" ind1=" " ind2=" ">
    <subfield code="0">(orcid)0000-0002-2179-1361</subfield>
    <subfield code="a">Rebeca Herrero, Morant</subfield>
    <subfield code="1">693867</subfield>
  </datafield>
  <datafield tag="700" ind1=" " ind2=" ">
    <subfield code="0">(orcid)0000-0002-8483-2298</subfield>
    <subfield code="a">Alfonso López, Viñegla</subfield>
    <subfield code="1">123877</subfield>
  </datafield>
  <datafield tag="700" ind1=" " ind2=" ">
    <subfield code="0">(orcid)0000-0003-4315-0642</subfield>
    <subfield code="a">Emilio Martín, Vallespín</subfield>
    <subfield code="1">417708</subfield>
  </datafield>
  <datafield tag="700" ind1=" " ind2=" ">
    <subfield code="0">(orcid)0000-0002-5636-8176</subfield>
    <subfield code="a">Jorge Olmo, Vera</subfield>
    <subfield code="1">509813</subfield>
  </datafield>
  <datafield tag="700" ind1=" " ind2=" ">
    <subfield code="a">Lidia Sierra, Rodríguez</subfield>
    <subfield code="1">316470</subfield>
  </datafield>
  <datafield tag="700" ind1=" " ind2=" ">
    <subfield code="0">(orcid)0000-0003-0716-4713</subfield>
    <subfield code="a">Francisco Javier Silvestre, Rodríguez</subfield>
    <subfield code="1">325577</subfield>
  </datafield>
  <datafield tag="700" ind1=" " ind2=" ">
    <subfield code="a">María Alejandra Valiente, Clavero</subfield>
    <subfield code="1">535244</subfield>
  </datafield>
  <datafield tag="830" ind1=" " ind2=" ">
    <subfield code="9">545</subfield>
  </datafield>
  <datafield tag="856" ind1="4" ind2=" ">
    <subfield code="s">9012</subfield>
    <subfield code="u">http://zaguan.unizar.es/record/160042/files/guia-61459-es.pdf</subfield>
    <subfield code="y">Guía (idioma español)</subfield>
  </datafield>
  <datafield tag="856" ind1="4" ind2=" ">
    <subfield code="s">9171</subfield>
    <subfield code="u">http://zaguan.unizar.es/record/160042/files/guia-61459-en.pdf</subfield>
    <subfield code="y">Guide (english)</subfield>
  </datafield>
  <datafield tag="521" ind1=" " ind2=" ">
    <subfield code="9">690</subfield>
    <subfield code="a">Máster Universitario en Auditoría</subfield>
    <subfield code="b">Master's in Auditing</subfield>
  </datafield>
  <datafield tag="980" ind1=" " ind2=" ">
    <subfield code="a">GDOC</subfield>
    <subfield code="b">Ciencias Sociales y Jurídicas</subfield>
    <subfield code="b">Social Sciences and Law</subfield>
    <subfield code="c">109</subfield>
  </datafield>
</record>
</collection>